How to teach english

Saved in:
Bibliographic Details
Main Author: Jeremy Harmer
Format: Book
Language:Undetermined
Published: London Longman 1998
Subjects:
Tags: Add Tag
No Tags, Be the first to tag this record!
Institutions: Trung tâm Học liệu Trường Đại học Cần Thơ
LEADER 00508nam a2200205Ia 4500
001 CTU_65744
008 210402s9999 xx 000 0 und d
020 |b 210000 
082 |a 428.0071 
082 |b S493 
100 |a Jeremy Harmer 
245 0 |a How to teach english 
245 0 |c Jeremy Harmer 
260 |a London 
260 |b Longman 
260 |c 1998 
650 |a english language 
650 |x study and teaching 
904 |i Năm 
980 |a Trung tâm Học liệu Trường Đại học Cần Thơ